000 01370nam a2200325 c 4500
003 BLK
005 20231101172815.0
008 180409b bul|||||r ||||||| ||bul||
010 _aKNG00115148000
020 _a954-585-566-5
_bиздат.: Бард - на том(кн. 3, ч. 2)
040 _aBLK
041 _aBUL
_cBUL
080 _aАмериканска литература (на САЩ)
_b821.111(73)
_x-312.9
_z821.111(73)-312.9
100 1 _aУилямс, Тад
_eпърви автор
_9267578
700 1 _aКостов, Камен
_eпрев. на том
_9368020
139 _aУилямс, Тад
_bУ 40
245 1 0 _aСпомен, Печал и Трън
_bКн. 1 -
_cТад Уилямс; прев. на том Камен Костов.
_nКн. 3. Ч. 2
_pКъм кулата на Зеления ангел
257 _aUSA
260 София
_c2004 -
300 _c21 см
380 _aX
500 _aОфс. изд.
760 1 _3- на том(кн. 3, ч. 2)
_aУилямс, Тад
_dБард, 2004
_h752 с. : с к.
_nОриг. загл. To Green Angel Tower / Tad Williams .
_tКн. 3. Ч. 2 Към кулата на Зеления ангел
852 _aЦб 219455
856 4 _qpdf
_u
856 4 _qpdf
_u
942 _cKNG
_n0
_06
944 _aCR
_c28.09.2004
_k30576
_lЦветомила Тодорова
944 _aED
_c24.03.2008
_k
999 _c109827
_d109827